[SMOLKOVÁ, Eva – SMOLKA, Samuel: Strategický marketing – cesta k ovplyvňovaniu spotrebiteľského správania. 1. vydanie. Bratislava: Univerzita Komenského v Bratislave, 2021. 166 s. ISBN 978-80-223-5329-8.]

Gespeichert in:
Bibliographische Detailangaben
1. Verfasser: Lieskovská, Vanda, 1961-
Format: Buchkapitel
Sprache:Slowakisch
Tags: Tag hinzufügen
Keine Tags, Fügen Sie das erste Tag hinzu!

MARC

LEADER 00000naa a2200000 4500
001 0290107
005 20240619113350.0
041 0 |a slo 
044 |a SK 
245 1 0 |a [SMOLKOVÁ, Eva – SMOLKA, Samuel: Strategický marketing – cesta k ovplyvňovaniu spotrebiteľského správania. 1. vydanie. Bratislava: Univerzita Komenského v Bratislave, 2021. 166 s. ISBN 978-80-223-5329-8.]  |c Vanda Lieskovská 
100 1 |a Lieskovská, Vanda, 1961-